Vainqueurs des 10 prochaines Coupes du Monde de Football - Statistiques

Statistiques générales
  • Ce quiz a été pris 286 fois
  • Le résultat moyen est 7 sur 9
Statistiques - réponses
Réponse % Correct
France
100%
Argentine
98%
Brésil
98%
Espagne
97%
Allemagne
92%
Italie
91%
Angleterre
90%
Pays-Bas
68%
Nigeria
14%
Aucun quiz correspondant
Distribution des résultats
% des personnes avec chaque résultat
Percentile par nombre de réponses
Votre historique - résultats
Vous n’avez pas pris ce quiz